Normal view
MARC view
- Arithmetic
Entry Topical Term
001 - CONTROL NUMBER
- control field: 8058
003 - CONTROL NUMBER IDENTIFIER
- control field: OSt
005 - DATE AND TIME OF LATEST TRANSACTION
- control field: 20110103172526.0
008 - FIXED-LENGTH DATA ELEMENTS
- fixed length control field: 110103|||a|||||| | ||| d
040 ## - CATALOGING SOURCE
- Original cataloging agency: OSt
- Transcribing agency: OSt
150 ## - HEADING--TOPICAL TERM
- Topical term or geographic name as entry element: Arithmetic
670 ## - SOURCE DATA FOUND
- Source citation: Work cat.: (OSt): Bigge, Norman L. 8057, Discrete mathematics, 1985
670 ## - SOURCE DATA FOUND
- Source citation: Work cat.: (OSt): Bigge, Norman L. 8057, Discrete mathematics, 1985
